00661nam a22001577a 4500020001800000082001600018100001900034245013200053250002200185260006500207300000900272563000700281942001200288999001900300952018400319 a9787539995601 a154.63bSIG aFreud, Sigmund a梦的解析》The interpretation of dreams: The Authoritative Translation of the Famous Psychologist Lei Ming cFreud, Sigmund a(Chinese edition) aBeijingbJiangsu phoenix literature and art publishingc2016 a421p aHB 2ddccBK c591821d591821 00102ddc3Donated by Chinese embassy in Pakistan406154_630000000000000_SIG709583053aCLbCLcCHISTd2022-10-14eDonationl0o154.63 SIGpCL-D-1867r2022-10-14w2022-10-14yBK